<?xml version="1.0" encoding="UTF-8"?>
<record
    xmlns:xsi="http://www.w3.org/2001/XMLSchema-instance"
    xsi:schemaLocation="http://www.loc.gov/MARC21/slim http://www.loc.gov/standards/marcxml/schema/MARC21slim.xsd"
    xmlns="http://www.loc.gov/MARC21/slim">

  <leader>00685cam a22002411  4500</leader>
  <controlfield tag="001">sa 65010441 </controlfield>
  <controlfield tag="003">DLC</controlfield>
  <controlfield tag="005">20260227112208.0</controlfield>
  <controlfield tag="008">941128s1965    ii b     b    000 0 beno </controlfield>
  <datafield tag="010" ind1=" " ind2=" ">
    <subfield code="a">sa 65010441 </subfield>
  </datafield>
  <datafield tag="025" ind1=" " ind2=" ">
    <subfield code="a">PL480:EP-B-965</subfield>
  </datafield>
  <datafield tag="035" ind1=" " ind2=" ">
    <subfield code="a">(OCoLC)31523676</subfield>
  </datafield>
  <datafield tag="040" ind1=" " ind2=" ">
    <subfield code="a">DLC</subfield>
    <subfield code="c">CU</subfield>
    <subfield code="d">CU</subfield>
    <subfield code="d">DLC</subfield>
  </datafield>
  <datafield tag="042" ind1=" " ind2=" ">
    <subfield code="a">premarc</subfield>
  </datafield>
  <datafield tag="050" ind1="0" ind2="0">
    <subfield code="a">TS1565.P3</subfield>
    <subfield code="b">K35</subfield>
  </datafield>
  <datafield tag="100" ind1="1" ind2=" ">
    <subfield code="a">Karim, Abdul,</subfield>
    <subfield code="d">1928-2007.</subfield>
  </datafield>
  <datafield tag="245" ind1="1" ind2="0">
    <subfield code="a">&#x1E0C;h&#x101;k&#x101;i masalina /</subfield>
    <subfield code="c">&#x100;badula Karima.</subfield>
  </datafield>
  <datafield tag="260" ind1=" " ind2=" ">
    <subfield code="a">&#x1E0C;h&#x101;k&#x101; :</subfield>
    <subfield code="b">B&#x101;&#x1E43;l&#x101; Ek&#x101;&#x1E0D;em&#x12B;,</subfield>
    <subfield code="c">[1965]</subfield>
  </datafield>
  <datafield tag="300" ind1=" " ind2=" ">
    <subfield code="a">2, 2, 151 p.</subfield>
    <subfield code="b">map.</subfield>
    <subfield code="c">22 cm.</subfield>
  </datafield>
  <datafield tag="500" ind1=" " ind2=" ">
    <subfield code="a">In Bengali.</subfield>
  </datafield>
  <datafield tag="504" ind1=" " ind2=" ">
    <subfield code="a">Bibliography: p. [138]-141</subfield>
  </datafield>
  <datafield tag="650" ind1=" " ind2="0">
    <subfield code="a">Cotton manufacture</subfield>
    <subfield code="z">Bangladesh</subfield>
    <subfield code="z">Dhaka.</subfield>
  </datafield>
  <datafield tag="999" ind1=" " ind2=" ">
    <subfield code="c">66749</subfield>
    <subfield code="d">66749</subfield>
  </datafield>
</record>
